[Event "RA December Open"]
[Site "Ottawa"]
[Date "2022.12.11"]
[Round "?"]
[White "Rodrigue Lemieux, Shawn"]
[Black "Liang, Jason"]
[Result "1-0"]
[WhiteElo "2316"]
[BlackElo "2500"]
[Annotator "John Upper"]
[PlyCount "101"]
[EventDate "2022.??.??"]
[EventType "swiss"]
[EventCountry "CAN"]
[SourceTitle "Chess Canada Tactiosauru"]
[Source "CFC/John Upper"]
[SourceDate "2023.03.11"]
[SourceVersion "1"]
[SourceVersionDate "2023.03.11"]
[SourceQuality "1"]

{[%evp 0,101,19,38,40,41,41,18,39,-5,26,11,33,26,17,23,11,-4,1,-13,-9,-25,8,18,
18,22,37,37,65,36,52,57,54,47,90,-1,36,22,28,2,7,11,10,0,-3,-5,-13,-55,-85,-64,
-65,-132,-65,-51,-75,-75,-22,-95,-34,-45,-49,-55,148,401,232,220,259,259,259,
251,304,243,243,228,241,242,242,278,301,127,140,157,154,123,92,116,192,203,203,
196,215,207,281,315,310,326,324,330,354,359,1188,1271,1271,1206]} 1. e4 c5 2.
Nf3 e6 3. d3 Nc6 4. g3 Nf6 5. Bg2 d6 6. O-O Be7 7. Re1 O-O 8. c3 Bd7 9. a3 Rc8
10. b4 a6 11. bxc5 dxc5 {[#]} 12. e5 $1 Nd5 (12... Ne8 13. Nbd2 Na5 14. c4 Bc6
15. Qe2 Qd7 16. Bb2 Rd8 17. Bc3 b6 18. Bxa5 bxa5 19. Bf1 $6 (19. Reb1 $142 Qxd3
20. Qxd3 Rxd3 21. Ne1 Rxd2 22. Bxc6 $16) 19... Nc7 20. Rab1 Na8 $14 {(0-1, 37)
Nun,J (2306)-Hasangatin,R (2497) Pardubice, 2018.}) 13. c4 $1 Nc7 14. Nc3 Na5
15. Ne4 Bc6 16. Bd2 {[#]} Na8 (16... Bxe4 17. Rxe4 Nc6 {gives up the B pair,
but makes better use of the Ns.}) 17. a4 (17. Nh4 {is Stockfish's Fischer-like
preference.} Bxh4 $6 18. gxh4 Bxe4 (18... Qxh4 $4 19. Bg5 $18) 19. Bxe4 Nc6 20.
Qh5 g6 21. Qg4 $16 {with a terrific kingside initiative, whether or not Black
takes on e5.}) 17... Bxe4 (17... Qxd3 $5 18. Bf1 $1 Qd8 19. Qb1 $1 $14 {
White's down a pawn but Black still has two Ns he can't move.}) 18. Rxe4 Qxd3
19. Ne1 Qd8 20. Ra3 Qc7 21. Qh5 Nc6 22. Nf3 $44 {[#] White is down a pawn, but
has a lot of pieces hovering around Black's K, and that Na8 is no bargain. The
next few variations show some of White's sac opportunities.} Rfd8 23. Ng5 Bxg5
$8 24. Bxg5 Rd4 $1 {[#]} 25. Rxd4 $6 {The passed d-pawn gives Black
game-saving tactics in many lines. White doesn't mind ...Rxe4 since Bxe4 adds
to the attack, so an alternative -- the computer's top choice crazily hard for
a human to even consider when so focused on kingside tactics, is to improve
the queenside just a little with Rb3 or a5; e.g.} (25. a5 $5 Rxe4 (25... Nxe5
$2 26. Bf4 $8 $18) (25... Nxa5 $2 26. Bf6 $18) 26. Bxe4 g6 (26... Qxe5 $4 27.
Qxh7+ Kf8 28. Qh8#) 27. Qh4 Qxe5 28. Bf6 (28. Rf3 $40) 28... Qh5 $8 29. Qf4 $16
) 25... cxd4 (25... Nxd4 26. Bf6 $5 gxf6 27. exf6 $13) 26. Be4 (26. Bf6 $5 Ne7
$1 27. g4 $1 $13) 26... g6 27. Qh4 {[%mdl 128]} Qxe5 {[#]} 28. Bxc6 bxc6 29.
Bf6 Qd6 {[%mdl 8256]} (29... Qf5 $1 30. Kg2 (30. g4 Qb1+ 31. Kg2 Qe4+ 32. Rf3
h5 $13) 30... d3 31. Rxd3 Qxd3 32. Qh6 Qe4+ 33. Kg1 Qe1+ $11) 30. Rf3 {[%mdl
33088] [#] Critical Position White has a lot of pressure on Black's kingside
dark squares, but Black has two more pawns and one of them is a passed pawn.
Should Black go ...d3 or ...Nc7 or ...e5 or ...c5?} e5 $4 (30... c5 $4 {
loses the same way as ...e5.}) (30... Nc7 $4 {aiming for e8 is too slow:} 31.
g4 $1 $18) (30... d3 $8 {This concedes the d-pawn (if White wants it) but is
the only way to counter White's crushing attack.} 31. g4 $5 {leads to a long
string of only moves from both sides:} ({White can take d3 immediately,
deflecting the Q from the kingside dark squares, but Black has a perp:} 31.
Rxd3 Qxd3 32. Qh6 Qb1+ $8 33. Kg2 Qe4+ 34. f3 Qc2+ $11) (31. Qh6 {forces Black
to undefend the d-pawn.} Qf8 32. Qxf8+ (32. Qf4 $5 Nb6 33. Rxd3 Nxa4 {feels
like a three-result game, but the computer perfers White.}) 32... Kxf8 33. a5
$1 $11 {White wins the d-pawn and the d-file gives White enough comp.}) 31...
h5 $8 32. Qg5 $8 (32. gxh5 $2 d2 $19 33. hxg6 d1=Q+ 34. Kg2 Qxf3+ $8 35. Kxf3
Qd3+ {and either ...Qxg6+ or ...Qxc4+ wins.}) 32... d2 33. Qh6 d1=Q+ $8 34. Kg2
Qxf3+ $8 35. Kxf3 Qd1+ 36. Kg2 $8 Qxg4+ $11 {with a perpetual.}) 31. g4 $8 $18
{Black must have missed this. White threatens Qxh7+, Rh3-Rh8#, and the only
way to avoid mate is for the K to run while shedding pawns to the attackers.}
Kf8 $1 32. Qxh7 Ke8 33. Bxe5 $1 {[%mdl 512]} Qe6 (33... Qxe5 34. Rxf7 {will
mate.}) 34. Qg8+ Ke7 35. Rxf7+ {[%mdl 512]} Qxf7 36. Qxc8 {[#]} d3 (36... Qxc4
37. Qxa8 d3 38. Qa7+ Ke6 39. Qe3 Qxg4+ 40. Bg3+ $18) 37. Qxc6 Qe6 38. Qb7+ $1 {
Exchanging on d7 leaves the black King further back.} Qd7 39. Qxd7+ (39. Qxa8
d2 $19) 39... Kxd7 {[%mdl 4096]} 40. Kf1 $18 {[#] Now White is up two pawns,
has the d3 passer under control, and can create an outside passer on the
kingside.} Nb6 41. c5 $1 (41. a5 $6 Nxc4 42. Bc3 g5 {is winning too, but more
trouble than necessary.}) 41... Nxa4 42. Bd4 Kc6 43. h4 Kd5 44. Be3 Nc3 45. h5
gxh5 46. gxh5 Ne4 47. h6 Nf6 48. Ke1 a5 49. Kd2 Kc4 50. c6 Ne4+ 51. Kc1 1-0

[Event "RA December Open"]
[Site "Ottawa"]
[Date "2022.12.11"]
[Round "4"]
[White "Rodrigue Lemieux, Shawn"]
[Black "Jaferian, Koosha"]
[Result "1-0"]
[WhiteElo "2316"]
[BlackElo "2351"]
[Annotator "John Upper"]
[PlyCount "59"]
[EventDate "2022.??.??"]
[EventType "swiss"]
[EventCountry "CAN"]
[SourceTitle "Chess Canada Tactiosauru"]
[Source "CFC/John Upper"]
[SourceDate "2023.03.11"]
[SourceVersion "1"]
[SourceVersionDate "2023.03.11"]
[SourceQuality "1"]

{[%mdl 1][%evp 0,59,24,14,77,77,63,45,45,30,30,23,31,19,34,3,7,7,11,4,4,11,21,
-1,44,5,19,20,32,26,78,44,44,25,97,93,105,103,106,108,146,133,236,232,328,330,
320,329,331,295,288,295,304,304,306,310,325,287,388,381,429,367]} 1. e4 c6 2.
d4 d5 3. exd5 cxd5 4. Bd3 Nc6 5. c3 Qc7 6. h3 g6 7. Qc2 {[#]} Bg7 (7... f6 $1 {
, aiming for ...e5, looks like the kind of mistake that leads to quick
checkmates from old instructional books; but has been played successfully by
Lenderman and Howell, who beat Aronian with it in a serious game. After
Black's more normal moves (Bg7, Nf6, 00) he has trouble generating any play.})
8. Nf3 Nf6 9. O-O O-O 10. Re1 Bd7 11. Bg5 {[#]} Rfc8 {Threatens ...Nb4,
trading the N for the Bd3. Using this rook makes some sense if Black is going
to play a minority attack by pushing the the a- and b-pawns; using the other R
makes more sense if Black plans to go for ...f6 and ...e5.} (11... e6 12. Nbd2
Rfc8 13. Qc1 Be8 14. Nf1 Na5 15. N1h2 Nc4 16. Bxf6 $5 Bxf6 17. g4 $1 b5 18. g5
$1 Bg7 19. Ng4 $16 {with a huge initiative against the dark squares; (1-0, 40)
Koykka,P (2399)-Ronka,E (2270) Helsinki, 2019.}) (11... Rae8 12. Na3 $5 h6 13.
Bxf6 (13. Bh4 $6 {going for Bg3 fails to} Nh5 $1 $15 {covering g3, enabling ...
e5, and possibly going ...Nf4.}) 13... Bxf6 14. Qd2 Kg7 15. Nc2 $13 {(½-½,
55) Nihal,S (2646)-Niemann,H (2656) Jermuk, 2022.}) 12. a3 {Stops ...Nb4 and
also useful vs a minority attack.} a6 13. Nbd2 e6 14. Nb3 Be8 15. Qe2 Nd7 {
[%mdl 32832] [#] Critical Position Black would like to play ...f6, then ...Bf7
when he might centralize his Rs and push in the center. What are the tactics
after, say 16.Rad1 f6 17.Qxe6+?} 16. h4 {This natural move is also tricky,
since it does more than just begin to pry apart the fianchetto.} ({After
something like} 16. Rad1 f6 17. Qxe6+ $5 {the tactics are mostly only moves:} (
17. Bc1 Bf7 $11) 17... Bf7 $8 {with a double attack on Qe6 and Bg5; but White
escapes with} 18. Bf4 $8 Nce5 $1 {defending Qc7 and trapping the Qe6, but...} (
18... Qxf4 $2 19. Qxd7 $16 {with an extra pawn and targets.}) 19. Qg4 $8 {
escapes to a defended square and exploits the pin on the Ne5} Nxg4 (19... h5 $2
20. Qg3 $18) 20. Bxc7 Nxf2 $11) 16... f6 $2 {Surprisingly, White's pawn move
on the h-file turns the tactics in the center of the board upside-down, and
this is now a clear mistake.} (16... e5 $142 $14 17. dxe5 Ncxe5 $1 {(so the
other N can go to c5 or f6) Black has an IQP, but White's Ns are not well
placed to attack it.}) 17. Qxe6+ $1 Bf7 {[#] White has two hanging pieces, but.
..} 18. Bf4 $8 {saves them both with a defelction.} Qxf4 ({The difference made
by 16.h4 is that after} 18... Nce5 {White can save the Q with} 19. Qh3 $1 {
and now} Nxf3+ 20. Qxf3 Qb6 21. Bc2 $18 {White is up a clear pawn with a
better structure and more active Bs.}) 19. Qxd7 f5 $5 {[#] Trying to trap the
Q with ...Rc7.} 20. Nc5 $1 (20. Qxb7 $2 Rab8 21. Qxa6 Ra8 $11 {as White would
have to give the Nb3 to escape the perpetual on the Q.}) 20... Nd8 (20... Rc7
21. Ne6 $18 {would be the second time White saved the attacked Q by making a
counterattack with a minor.}) 21. Ng5 (21. Re7 Bf8 22. Rae1 $1 $18) 21... Rc7 {
[%mdl 32832] [#] Critical Position Find something better than Qa4.} 22. Re8+ $1
(22. Qe8+ $5 {is show-offy,} Bxe8 (22... Bf8 23. Nxf7 Rxf7 24. Bc2 $18 {
not only is Black badly tangled, White threatens Bb3xd5.}) 23. Rxe8+ Bf8 24.
Rxf8+ Kxf8 25. Nce6+ $18) 22... Bf8 (22... Bxe8 23. Qxe8+ Bf8 24. Qxf8+ $1 {
wins with the same fork as in the game.}) 23. Rxf8+ $1 Kxf8 24. Qxd8+ ({or} 24.
Qxf7+) 24... Rxd8 25. Nce6+ Bxe6 26. Nxe6+ {[#] Yep, got 'em all!} Kf7 27. Nxf4
Rd6 28. Re1 h6 29. Re5 Rcd7 30. Nxd5 $1 {Capturing loses a whole piece after
Bc4.} 1-0